| 000 | 01147nji a22003017a 4500 | ||
|---|---|---|---|
| 005 | 2010091800250.0 | ||
| 006 | a|||||r|||||00| 0 | ||
| 007 | sd ammalaaahaa | ||
| 008 | 100830t xxu||||| |||| 00| 0 eng d | ||
| 028 |
_aIND.1039 _bCBS |
||
| 035 | _aGR-03477 | ||
| 040 |
_aSED _cSED |
||
| 100 |
_917455 _aMukesh |
||
| 245 |
_aChor mandali / _csung by Mukesh [and] Kishore Kumar; music by Kalyanji Anandji; lyrics by G. L. Rawal _h[sound recording] : |
||
| 246 | _aचोर मंडली / | ||
| 260 |
_aDum Dum, India _bCBS _c1983 |
||
| 300 |
_a1 sound disc [Gramophone Recording]: _banalog, 33 1/3 rpm _c12.5 in. (LP) _fGramophone Record |
||
| 500 | _aBrief Record | ||
| 500 | _aRecord labels : CBS, Orange | ||
| 505 | _aSide-1 (Jane man jane ja) (Mukesh [and] Kishore Kumar) Side-2 (Aaye angana mitva) (Manna Dey [and] Suresh Wadkar) | ||
| 600 |
_aMukesh _920359 |
||
| 650 |
_aFilm Songs _zIndia _91186 _xExcerpts |
||
| 700 |
_aKishore Kumar _920655 |
||
| 700 |
_akalyanji Anandji _920656 |
||
| 700 |
_aRawal, G. L. _920666 |
||
| 942 |
_2ddc _cGR |
||
| 999 |
_c46732 _d46732 |
||